[Event "Riazan op"]
[Site "Riazan"]
[Date "2007.08.??"]
[Round "?"]
[White "Bindich, Julia"]
[Black "Cherenkova, Kristina"]
[Result "0-1"]
[WhiteElo "2006"]
[BlackElo "2254"]
[PlyCount "44"]
[EventDate "2007.08.??"]
[EventType "swiss"]
[EventRounds "9"]
[EventCountry "RUS"]
[SourceTitle "EXT 2009"]
[Source "ChessBase"]
[SourceDate "2008.11.26"]
[SourceVersion "1"]
[SourceVersionDate "2008.11.26"]
[SourceQuality "1"]

1. e4 c5 2. Nf3 e6 3. d3 Nc6 4. c3 Nf6 5. Nbd2 Qc7 6. g3 d5 7. Bg2 Be7 8. 0-0 0-0 9. Ne1 dxe4 10. dxe4 Rd8 11. Qe2 e5 12. Nc4 b6 13. Ne3 a5 14. Nd5 Nxd5 15. exd5 Ba6 16. c4 Nd4 17. Qd3 Bd6 18. Be4 f5 19. Bxf5 Nxf5 20. Nf3 Nd4 21. Ng5 g6 22. Be3 Bc8 0-1

[Event "Riazan op"]
[Site "Riazan"]
[Date "2007.08.??"]
[Round "?"]
[White "Bindich, Julia"]
[Black "Vasiliev, Vladimir P"]
[Result "0-1"]
[WhiteElo "2006"]
[BlackElo "2352"]
[PlyCount "118"]
[EventDate "2007.08.??"]
[EventType "swiss"]
[EventRounds "9"]
[EventCountry "RUS"]
[SourceTitle "EXT 2009"]
[Source "ChessBase"]
[SourceDate "2008.11.26"]
[SourceVersion "1"]
[SourceVersionDate "2008.11.26"]
[SourceQuality "1"]

1. e4 c5 2. Nf3 Nc6 3. d4 cxd4 4. Nxd4 g6 5. c4 Nf6 6. Nc3 Nxd4 7. Qxd4 d6 8. Be2 Bg7 9. Be3 0-0 10. Qd2 Be6 11. f3 Qa5 12. 0-0 Rfc8 13. Nd5 Qxd2 14. Bxd2 Bxd5 15. exd5 Nd7 16. Rab1 Bd4+ 17. Kh1 a5 18. Bg5 f6 19. Rfd1 fxg5 20. Rxd4 Rc7 21. f4 gxf4 22. Rxf4 Rf8 23. Rxf8+ Kxf8 24. Rf1+ Kg7 25. Rf3 Ne5 26. Rb3 Kf6 27. Kg1 Kf5 28. Re3 h5 29. g3 Rc5 30. b3 Rc8 31. Kf1 g5 32. h4 gxh4 33. gxh4 Kf4 34. Kf2 b6 35. a3 Rh8 36. Bd1 Rh7 37. Rc3 Ng4+ 38. Ke2 Rg7 39. Rf3+ Ke4 40. Bc2+ Kd4 41. Rd3+ Kc5 42. Rc3 a4 43. Be4 axb3 44. Rxb3 Nf6 45. Bf3 Kxc4 46. Rxb6 Nxd5 47. Bxd5+ Kxd5 48. Rb5+ Ke4 49. Rxh5 Rg2+ 50. Kf1 Ra2 51. Rh7 e5 52. Ra7 d5 53. h5 Rh2 54. Rh7 d4 55. h6 d3 56. a4 d2 57. Rd7 Ke3 58. Rd5 Rxh6 59. Rxe5+ Kd4 0-1

[Event "Riazan op"]
[Site "Riazan"]
[Date "2007.08.??"]
[Round "?"]
[White "Iliushkin, Evgeny"]
[Black "Bindich, Julia"]
[Result "1-0"]
[WhiteElo "2295"]
[BlackElo "2006"]
[PlyCount "99"]
[EventDate "2007.08.??"]
[EventType "swiss"]
[EventRounds "9"]
[EventCountry "RUS"]
[SourceTitle "EXT 2009"]
[Source "ChessBase"]
[SourceDate "2008.11.26"]
[SourceVersion "1"]
[SourceVersionDate "2008.11.26"]
[SourceQuality "1"]

1. d4 Nf6 2. c4 e6 3. Nf3 b6 4. a3 Bb7 5. Nc3 d5 6. cxd5 Nxd5 7. Qc2 c5 8. e4 Nc7 9. Be3 Nd7 10. Rd1 Qc8 11. Be2 Be7 12. d5 Bf6 13. dxe6 fxe6 14. Bf4 e5 15. Nb5 Nxb5 16. Bxb5 Bc6 17. Bxc6 Qxc6 18. Bg3 Qe6 19. 0-0 0-0 20. Rd5 Rad8 21. Rfd1 Rfe8 22. Qa4 Nf8 23. Rxd8 Rxd8 24. Rxd8 Bxd8 25. Bxe5 Ng6 26. Bg3 h5 27. h4 c4 28. Nd2 Nxh4 29. Qxc4 Qxc4 30. Nxc4 Ng6 31. Bb8 a6 32. f3 b5 33. Ne5 Bb6+ 34. Kf1 Nf8 35. Nd3 Ne6 36. Be5 g5 37. Nb4 a5 38. Nd5 Bd4 39. Bxd4 Nxd4 40. Nf6+ Kf7 41. Nxh5 b4 42. axb4 axb4 43. Ke1 Ne6 44. Kd2 Kg6 45. Ng3 Nf4 46. Nf1 Nxg2 47. Ne3 Nh4 48. Ke2 g4 49. Nxg4 Kg5 50. Nf2 1-0

[Event "Riazan Region-ch"]
[Site "Riazan"]
[Date "2007.04.??"]
[Round "5"]
[White "Bindich, Julia"]
[Black "Madorsky, Felix"]
[Result "0-1"]
[WhiteElo "1992"]
[BlackElo "2049"]
[PlyCount "74"]
[EventDate "2007.04.??"]
[EventType "swiss"]
[EventRounds "9"]
[EventCountry "RUS"]
[SourceTitle "EXT 2010"]
[Source "ChessBase"]
[SourceDate "2010.11.25"]
[SourceVersion "1"]
[SourceVersionDate "2010.11.25"]
[SourceQuality "1"]

1. e4 d5 2. exd5 Qxd5 3. Nc3 Qa5 4. d4 Nf6 5. Bd2 Bg4 6. Nge2 Nc6 7. h3 Bh5 8. g4 Bg6 9. Bg2 0-0-0 10. g5 Nd7 11. Ne4 Qa6 12. c3 Nb6 13. Nc5 Qb5 14. b3 Bh5 15. f3 Ne5 16. 0-0 e6 17. a4 Qc6 18. Ng3 Bxf3 19. Bxf3 Nxf3+ 20. Rxf3 Bxc5 21. Rd3 e5 22. Be3 exd4 23. cxd4 Bb4 24. Rc1 Qd7 25. d5 Qxh3 26. Bf4 Rd7 27. d6 c6 28. a5 Bxa5 29. Ra1 Bb4 30. Rxa7 Bc5+ 31. Rd4 Qe6 32. Kh2 Bxd4 33. Qxd4 Qxb3 34. Nf5 Re8 35. Qxb6 Re2+ 36. Kh1 Qd1+ 37. Qg1 Qd5+ 0-1

[Event "Riazan Region-ch"]
[Site "Riazan"]
[Date "2007.04.??"]
[Round "6"]
[White "Bindich, Julia"]
[Black "Vazersky, Konstantin Alekseev"]
[Result "0-1"]
[WhiteElo "1992"]
[BlackElo "2106"]
[PlyCount "98"]
[EventDate "2007.04.??"]
[EventType "swiss"]
[EventRounds "9"]
[EventCountry "RUS"]
[SourceTitle "EXT 2010"]
[Source "ChessBase"]
[SourceDate "2010.11.25"]
[SourceVersion "1"]
[SourceVersionDate "2010.11.25"]
[SourceQuality "1"]

1. e4 e5 2. Nf3 Nc6 3. Bb5 Nf6 4. 0-0 d6 5. Re1 Bd7 6. c3 Be7 7. d4 0-0 8. Ba4 h6 9. Nbd2 Re8 10. Nf1 Bf8 11. Ng3 g6 12. h3 Bg7 13. Bc2 Nh7 14. Be3 Ng5 15. Nh2 h5 16. Qd2 Nh7 17. f4 h4 18. Ngf1 Ne7 19. Nf3 exd4 20. cxd4 d5 21. Nxh4 dxe4 22. Bxe4 Nc6 23. Bxc6 Bxc6 24. Qf2 Nf6 25. Nd2 Nd5 26. Nhf3 Nxe3 27. Rxe3 Rxe3 28. Qxe3 Qd5 29. Qf2 Rd8 30. Nb3 a5 31. Rd1 a4 32. Nc1 Bb5 33. b4 Qe4 34. Ne5 g5 35. Re1 Qxf4 36. Qxf4 gxf4 37. Ne2 Bxe2 38. Rxe2 Rxd4 39. a3 Rd1+ 40. Kf2 Ra1 41. Kf3 Rxa3+ 42. Kxf4 Rb3 43. Kf5 Rxb4 44. Nd3 Rb5+ 45. Kf4 a3 46. Ra2 Bb2 47. g4 c5 48. Ke4 c4 49. Ne1 Re5+ 0-1

[Event "Riazan Region-ch"]
[Site "Riazan"]
[Date "2007.04.??"]
[Round "3"]
[White "Bindich, Julia"]
[Black "Zhuljaev, Anton"]
[Result "1-0"]
[WhiteElo "1992"]
[BlackElo "2072"]
[PlyCount "139"]
[EventDate "2007.04.??"]
[EventType "swiss"]
[EventRounds "9"]
[EventCountry "RUS"]
[SourceTitle "EXT 2010"]
[Source "ChessBase"]
[SourceDate "2010.11.25"]
[SourceVersion "1"]
[SourceVersionDate "2010.11.25"]
[SourceQuality "1"]

1. e4 d5 2. exd5 Nf6 3. d4 Nxd5 4. g3 Bf5 5. Bg2 Nc6 6. c3 Qd7 7. Qe2 Ndb4 8. Be4 0-0-0 9. Nf3 Nd5 10. 0-0 Bh3 11. Re1 f6 12. c4 Nb6 13. d5 Na5 14. Nbd2 e5 15. a3 f5 16. Nxe5 Qe8 17. Bg2 Bxg2 18. Kxg2 Bd6 19. b3 c6 20. dxc6 bxc6 21. Bb2 c5 22. Qf3 Qf8 23. Bc3 Bxe5 24. Rxe5 Nb7 25. Rxf5 Qe8 26. Nf1 Rd7 27. Be5 Re7 28. Bf4 Re6 29. Be3 g6 30. Rf4 a5 31. Rd1 Kb8 32. Rf7 Re7 33. Rxe7 Qxe7 34. Qc6 Ka7 35. Bf4 Rc8 36. Qf3 g5 37. Qe3 Qf7 38. Bxg5 a4 39. Bf4 axb3 40. Qxb3 Qxc4 41. Qxc4 Nxc4 42. Ne3 Nxe3+ 43. Bxe3 Ka6 44. Rd7 c4 45. Rxh7 c3 46. Rh6+ Ka5 47. Rb6 Nc5 48. Rd6 c2 49. h4 Re8 50. Rd5 Rc8 51. h5 Kb5 52. h6 Kc4 53. Re5 Nd3 54. Re7 c1Q 55. Bxc1 Nxc1 56. h7 Kd5 57. g4 Kd6 58. Rg7 Rh8 59. g5 Nd3 60. Kg3 Ke6 61. g6 Ne5 62. Rg8 Nxg6 63. Rxh8 Nxh8 64. a4 Kd5 65. Kg4 Kc5 66. Kf5 Kb4 67. Kf6 Kxa4 68. Kg7 Kb3 69. Kxh8 Kc4 70. Kg7 1-0

[Event "Riazan Region-ch"]
[Site "Riazan"]
[Date "2007.??.??"]
[Round "7"]
[White "Bindich, Julia"]
[Black "Kozlov, Stanislav"]
[Result "0-1"]
[WhiteElo "2030"]
[BlackElo "2290"]
[PlyCount "60"]
[EventDate "2007.04.??"]
[EventType "swiss"]
[EventRounds "9"]
[EventCountry "RUS"]
[SourceTitle "EXT 2010"]
[Source "ChessBase"]
[SourceDate "2010.11.25"]
[SourceVersion "1"]
[SourceVersionDate "2010.11.25"]
[SourceQuality "1"]

1. e4 c5 2. Nf3 e6 3. d3 Nc6 4. c3 d5 5. Nbd2 Bd6 6. g3 Nge7 7. Bg2 f5 8. 0-0 0-0 9. Re1 fxe4 10. dxe4 Ng6 11. Nb3 Be7 12. Qc2 d4 13. cxd4 cxd4 14. Qc4 Bf6 15. Nc5 Na5 16. Qe2 b6 17. e5 bxc5 18. exf6 Qxf6 19. Nxd4 cxd4 20. Bxa8 d3 21. Qf1 Ba6 22. Qg2 Nb7 23. Bg5 Qf7 24. Bxb7 Bxb7 25. f3 Qf5 26. Bf4 e5 27. Be3 Bxf3 28. Qf2 Qd7 29. Bd2 Ba8 30. Qc5 Qb7 0-1

[Event "Riazan Region-ch"]
[Site "Riazan"]
[Date "2007.??.??"]
[Round "12"]
[White "Bindich, Julia"]
[Black "Sychov, Mikhail"]
[Result "1/2-1/2"]
[WhiteElo "2030"]
[BlackElo "2025"]
[PlyCount "49"]
[EventDate "2007.04.??"]
[EventType "swiss"]
[EventRounds "9"]
[EventCountry "RUS"]
[SourceTitle "EXT 2010"]
[Source "ChessBase"]
[SourceDate "2010.11.25"]
[SourceVersion "1"]
[SourceVersionDate "2010.11.25"]
[SourceQuality "1"]

1. e4 c5 2. Nf3 Nc6 3. d4 cxd4 4. Nxd4 e5 5. Nb5 d6 6. a4 Nf6 7. N1c3 a6 8. Na3 Be6 9. Bg5 Be7 10. Bxf6 Bxf6 11. Nc4 Bxc4 12. Bxc4 0-0 13. 0-0 Rc8 14. Nd5 Nb4 15. Ne3 Bg5 16. Bb3 Bxe3 17. fxe3 Qe7 18. Rf3 Kh8 19. Rh3 g6 20. c3 Nc6 21. Qf3 Rc7 22. Rh6 Kg7 23. Qh3 Rh8 24. Rf1 Nd8 25. Qh4 1/2-1/2

[Event "Riazan Region-ch"]
[Site "Riazan"]
[Date "2007.??.??"]
[Round "5"]
[White "Bindich, Julia"]
[Black "Vershkov, Denis"]
[Result "1-0"]
[WhiteElo "2030"]
[BlackElo "2020"]
[PlyCount "69"]
[EventDate "2007.04.??"]
[EventType "swiss"]
[EventRounds "9"]
[EventCountry "RUS"]
[SourceTitle "EXT 2010"]
[Source "ChessBase"]
[SourceDate "2010.11.25"]
[SourceVersion "1"]
[SourceVersionDate "2010.11.25"]
[SourceQuality "1"]

1. Nf3 d5 2. d4 Nf6 3. g3 c6 4. Bg2 Bf5 5. c4 e6 6. 0-0 Nbd7 7. b3 Be7 8. Bb2 0-0 9. Nh4 Bg6 10. Nxg6 hxg6 11. Nd2 a5 12. e4 dxe4 13. Nxe4 Nxe4 14. Bxe4 Nf6 15. Bg2 a4 16. Qc2 Qa5 17. Rfd1 Rfd8 18. Rab1 Rd7 19. Rd3 Rad8 20. Rbd1 a3 21. Bc1 Qf5 22. Qc3 c5 23. Qe1 cxd4 24. f4 Qc5 25. Bf3 b5 26. cxb5 Qxb5 27. g4 Bc5 28. Qh4 Bb6 29. Bg2 Rc7 30. Rh3 d3+ 31. Kh1 Kf8 32. Bxa3+ Bc5 33. Qg5 Rdd7 34. Bb2 Be7 35. Qxb5 1-0

[Event "Riazan Region-ch"]
[Site "Riazan"]
[Date "2007.??.??"]
[Round "4"]
[White "Khromov, Pavel"]
[Black "Bindich, Julia"]
[Result "0-1"]
[WhiteElo "2005"]
[BlackElo "2030"]
[PlyCount "48"]
[EventDate "2007.04.??"]
[EventType "swiss"]
[EventRounds "9"]
[EventCountry "RUS"]
[SourceTitle "EXT 2010"]
[Source "ChessBase"]
[SourceDate "2010.11.25"]
[SourceVersion "1"]
[SourceVersionDate "2010.11.25"]
[SourceQuality "1"]

1. e4 c5 2. f4 Nc6 3. Nf3 e6 4. d4 cxd4 5. Nxd4 Bc5 6. Nb3 Bb6 7. Qd3 Nf6 8. Be2 0-0 9. c3 d5 10. N1d2 e5 11. Rf1 exf4 12. Rxf4 Ne5 13. Qg3 Ng6 14. Rf1 dxe4 15. Nc4 Bc7 16. Qf2 Ng4 17. Bxg4 Bxg4 18. Bd2 b5 19. Ne3 Ne5 20. Nc1 Bb6 21. h3 Bxe3 22. Qxe3 Nc4 23. Qf4 e3 24. Bxe3 Nxe3 0-1

[Event "Riazan Region-ch"]
[Site "Riazan"]
[Date "2007.??.??"]
[Round "6"]
[White "Stepovoj, Vladimir"]
[Black "Bindich, Julia"]
[Result "1-0"]
[WhiteElo "2345"]
[BlackElo "2030"]
[PlyCount "51"]
[EventDate "2007.04.??"]
[EventType "swiss"]
[EventRounds "9"]
[EventCountry "RUS"]
[SourceTitle "EXT 2010"]
[Source "ChessBase"]
[SourceDate "2010.11.25"]
[SourceVersion "1"]
[SourceVersionDate "2010.11.25"]
[SourceQuality "1"]

1. e4 c5 2. Nf3 d6 3. Bb5+ Nd7 4. a4 g6 5. 0-0 Bg7 6. Re1 e6 7. c3 Ne7 8. d4 cxd4 9. cxd4 0-0 10. Nc3 a6 11. Bf1 b6 12. Bf4 e5 13. dxe5 dxe5 14. Bg5 Bb7 15. Qd6 f6 16. Be3 Kh8 17. Rad1 Bc6 18. b4 Ra7 19. a5 Ra8 20. axb6 Re8 21. b7 Bxb7 22. Qxd7 Qb8 23. b5 f5 24. Ng5 axb5 25. Nf7+ Kg8 26. Qe6 1-0

[Event "RUS-ch U18 Girls"]
[Site "Dagomys"]
[Date "2004.04.??"]
[Round "?"]
[White "Bindich, Julia"]
[Black "Burtasova, Anna"]
[Result "0-1"]
[WhiteElo "2028"]
[BlackElo "2299"]
[PlyCount "70"]
[EventDate "2004.04.??"]
[EventType "swiss"]
[EventRounds "10"]
[EventCountry "RUS"]
[SourceTitle "EXT 2005"]
[Source "ChessBase"]
[SourceDate "2004.11.15"]
[SourceVersion "1"]
[SourceVersionDate "2004.11.15"]
[SourceQuality "1"]

1. c4 c5 2. Nc3 Nc6 3. g3 g6 4. Bg2 Bg7 5. d3 d6 6. Nf3 e5 7. Bg5 f6 8. Bd2 Nge7 9. Qc1 0-0 10. Bh6 f5 11. 0-0 f4 12. Bxg7 Kxg7 13. Rb1 Bg4 14. h3 Be6 15. Ng5 Bg8 16. Nge4 Qd7 17. Nb5 Nf5 18. gxf4 Nfd4 19. Nxd4 Nxd4 20. Qd2 exf4 21. e3 f3 22. exd4 fxg2 23. Kxg2 cxd4 24. b3 d5 25. Ng3 Be6 26. Rh1 dxc4 27. dxc4 Rad8 28. Qe2 Rde8 29. Qb2 b5 30. Rbd1 Rd8 31. Ne2 Qc6+ 32. Kg1 Qf3 33. Rh2 Kg8 34. Rxd4 bxc4 35. Qd2 Rc8 0-1

[Event "RUS-ch U18 Girls"]
[Site "Dagomys"]
[Date "2004.04.??"]
[Round "?"]
[White "Bindich, Julia"]
[Black "Kostrikina, Anna"]
[Result "0-1"]
[WhiteElo "2028"]
[BlackElo "2137"]
[PlyCount "60"]
[EventDate "2004.04.??"]
[EventType "swiss"]
[EventRounds "10"]
[EventCountry "RUS"]
[SourceTitle "EXT 2005"]
[Source "ChessBase"]
[SourceDate "2004.11.15"]
[SourceVersion "1"]
[SourceVersionDate "2004.11.15"]
[SourceQuality "1"]

1. Nf3 c5 2. g3 Nf6 3. Bg2 g6 4. 0-0 Bg7 5. d3 0-0 6. e4 d6 7. h3 Nc6 8. c3 Rb8 9. Be3 b5 10. Nbd2 b4 11. d4 bxc3 12. bxc3 Ba6 13. Re1 Nd7 14. Nb3 cxd4 15. cxd4 Nb4 16. Qd2 Nd3 17. Red1 Nf6 18. Ne1 Nxe1 19. Rxe1 Bb7 20. Qd3 Qd7 21. Rac1 Rfc8 22. d5 Qa4 23. Qd2 Rxc1 24. Nxc1 Rc8 25. Bd4 Rc2 26. Qe3 Nxd5 27. Qb3 Qxb3 28. Nxb3 Nb6 29. a3 Bxd4 30. Nxd4 Rc4 0-1